| Tag |
First Indicator |
Second Indicator |
Subfields |
| LEADER |
00000cam a22000001a 4500 |
| 001 |
in00003332021 |
| 006 |
m d f |
| 007 |
cr bn mmmapmmp |
| 008 |
101214s2007 dcu o f000 0 eng d |
| 005 |
20260501140721.0 |
| 035 |
|
|
|a cis2007859253
|
| 040 |
|
|
|a ProQuest
|c ProQuest
|d UtOrBLW
|
| 043 |
|
|
|a n-us---
|
| 099 |
|
|
|a CRS-2007-FDT-0024
|
| 110 |
2 |
|
|a Library of Congress.
|b Congressional Research Service.
|
| 245 |
1 |
0 |
|a Korea-U.S. Relations :
|b Issues for Congress.
|
| 264 |
|
1 |
|a [Place of publication not identified] :
|b [publisher not identified],
|c 2007.
|
| 300 |
|
|
|a 1 online resource.
|
| 336 |
|
|
|a text
|b txt
|2 rdacontent
|
| 337 |
|
|
|a computer
|b c
|2 rdamedia
|
| 338 |
|
|
|a online resource
|b cr
|2 rdacarrier
|
| 500 |
|
|
|a Record is based on bibliographic data in ProQuest U.S. Congressional Research Digital Collection (last viewed Dec. 2010). Reuse except for individual research requires license from ProQuest, LLC.
|
| 500 |
|
|
|a CRS Report.
|
| 520 |
|
|
|a Reviews U.S. interests in South Korea, and examines issues concerning U.S. relations with North Korea, including the North Korean nuclear weapons program, UN food aid to North Korea, North Korean refugees in China and human rights issues, and South Korea's conciliation policy toward North Korea. Discusses U.S.-South Korea negotiations over a free trade agreement, anti-American sentiment in South Korea, and plans to change the U.S. military presence. Reviews recent developments involving North Korea nuclear and missile tests and UN sanctions.
|
| 500 |
|
|
|a Electronic resource.
|
| 650 |
|
0 |
|a Food relief.
|
| 650 |
|
0 |
|a International relations.
|
| 650 |
|
0 |
|a Human rights.
|
| 655 |
|
7 |
|a Electronic books.
|2 local
|
| 710 |
2 |
|
|a ProQuest (Firm)
|
| 776 |
0 |
8 |
|i Microfiche version:
|a Library of Congress. Congressional Research Service.
|t Korea-U.S. Relations
|
| 830 |
|
0 |
|a U.S. Congressional Research.
|
| 856 |
4 |
0 |
|u http://proxy.library.tamu.edu/login?url=https://congressional.proquest.com/congcomp/getdoc?CRDC-ID=CRS-2007-FDT-0024
|z Connect to the full text of this electronic book
|t 0
|
| 999 |
|
|
|a MARS
|
| 999 |
f |
f |
|s 87270acb-0afb-3381-aa70-fdf524a6f565
|i e823455e-30bf-3605-b863-6e6ed607d32b
|t 0
|
| 952 |
f |
f |
|a Texas A&M University
|b College Station
|c Electronic Resources
|s www_evans
|d Available Online
|t 0
|e CRS-2007-FDT-0024
|h Other scheme
|
| 998 |
f |
f |
|a CRS-2007-FDT-0024
|t 0
|l Available Online
|